000 01345cam a22003857a 4500
003 CHAP
005 20220817043649.0
008 000504s1997 uk ab r 00010 eng d
010 _a80991
011 _a81963
020 _a0851991424
035 _a92447
040 _cCHAP
082 0 4 _a581.151
_bC3
100 0 0 _aCallow, J. A.
_eed.
_917563
245 1 0 _aBiotechnology and plant genetic resources :
_bconservation and use
_c/ed. by J. A. Callow, B. V. Ford-Lloyd and H. J. Newbury
260 _aWallingford, UK :
_bCAB International,
_c1997.
300 _a308 p. .
_bilus. ; gráfs ; mapas
490 0 _aBiotechnology in agriculture series
_v; 19
590 _aBATCH-UPD
_b10
_c20130110
_lUCH01
_h0743
590 _aBATCH-UPD
_b10
_c20130410
_lUCH01
_h0424
590 _aBATCH-UPD
_b10
_c20130914
_lUCH01
_h0646
590 _aCONVERSION
_b10
_c20130109
_lUCH01
_h1345
650 1 4 _aBiotecnología vegetal.
_912892
650 1 4 _aGenética vegetal.
650 1 4 _aGermoplasma.
_947766
650 1 4 _aRecursos genéticos.
_995078
700 0 _aFord Lloyd, B. V.
_eed.
700 0 _aNewbury, H. J.
_eed.
_981061
830 0 _aBiotechnology in agriculture series
_v; 19
_912875
901 _aBK
905 _aBlanca M. García O.
942 _cLIBRO
949 _a581.151 C3
_bBC
_cLIBRO
_d33724000772711
_eLIBRO
_gI. 203450
_h97883
_i92447
_si
_t$1234.00
999 _c80991
_d80991